000 00235 a2200109 4500
001 51073
040 _cAnchieta - Pituba
240 1 0 _aInclusão e Pluralidade
_l
245 1 0 _aInclusão e Pluralidade
650 4 _aEducação
942 _cMX
999 _c51073
_d51073